The evolving International monetary system and its actual issues

V posledných rokoch sa pod vplyvom kríz rozprúdila debata o fungovaní medzinárodného menového systému, a to tak v politických, ako aj v akademických kruhoch. Do popredia sa dostal názor, že medzinárodný menový systém by mal byť založený na Špeciálnych právach čerpania umelej jednotky MMF. Príspevok...

Ausführliche Beschreibung

Gespeichert in:
Bibliographische Detailangaben
1. Verfasser: Kováčová, Jana
Format: Buchkapitel
Sprache:Englisch
Schlagworte:
Tags: Tag hinzufügen
Keine Tags, Fügen Sie das erste Tag hinzu!

MARC

LEADER 00000nla a2200000 4500
001 0211492
005 20240502083529.4
041 0 |a eng 
044 |a CZ 
245 1 0 |a The evolving International monetary system and its actual issues  |c Jana Kováčová 
520 |a V posledných rokoch sa pod vplyvom kríz rozprúdila debata o fungovaní medzinárodného menového systému, a to tak v politických, ako aj v akademických kruhoch. Do popredia sa dostal názor, že medzinárodný menový systém by mal byť založený na Špeciálnych právach čerpania umelej jednotky MMF. Príspevok rozoberá tento návrh reformy a prináša syntézu názorov viacerých autorov a odborníkov na túto tému. 
610 2 0 |a systém menový medzinárodný 
610 2 0 |a Medzinárodný menový fond 
610 2 0 |a reformy 
100 1 |a Kováčová, Jana